000 00286nam a22001217a 4500
008 170405b xxu||||| |||| 00| 0 eng d
041 _aeng
080 _a574
100 _a9
101 _aSHM
245 _aDEFORMATION AND FRACTURE AT ELEVATED TEMPERATURES
_cGRANT, N.J
942 _2udc
_cBK
999 _c9732
_d9732